| 000 | 01136naa a22003137a 4500 | ||
|---|---|---|---|
| 001 | BR9400347 | ||
| 003 | BR-BrBNA | ||
| 005 | 20240918181103.0 | ||
| 007 | ta | ||
| 008 | 230509b bl.||||| |||| 00| 0 por d | ||
| 040 |
_aBR-BrBNA _bpor _cBiblioteca Nacional de Agricultura |
||
| 041 | _a(Pt) | ||
| 072 | _aF06; P35 | ||
| 090 | _aF06 BR9400347 | ||
| 100 | 1 | _aMadeira, J.F. de | |
| 100 | 1 | _aGheyi, H.R. | |
| 111 | 1 |
_a22. Congresso Brasileiro de Engenharia Agricola _cIlheus, BA (Brazil) _d19-23 Jul 1993 |
|
| 245 | 1 | _aEvolucao da salinidade em pequenas areas irrigadas na zona semi-arida do Nordeste | |
| 260 | 3 |
_aIlheus, BA (Brasil): _c1993. |
|
| 500 | _a22. Congresso Brasileiro de Engenharia Agricola. Anais Ilheus, BA (Brasil): 1993. v. 5 p. 2943-2957 (BR9400347-AM)F06 | ||
| 650 | _aAgua de Irrigacao | ||
| 650 | _aSalinidade | ||
| 650 | _aAnalise do Solo | ||
| 650 | _aZona Semi-Arida | ||
| 650 | _aRegiao Nordeste | ||
| 773 | 0 |
_t22. Congresso Brasileiro de Engenharia Agricola. Anais _wF06 BR9400347 _gIlheus, BA (Brasil), 1993. v. 5 p. 2943-2957 |
|
| 909 |
_a202404 _bLucia _c55 _dLucia Elande |
||
| 942 |
_cAM _2AGRIS |
||
| 999 |
_c323565 _d323565 |
||